00660nam a2200205Ia 4500003000900000008004100009020001800050040001600068080002000084100002500104245008100129260003300210300001400243650004100257650001800298700002000316942000700336999001500343952009600358IN-BaIIA211028s9999 xx 000 0 eng d a0-08-022022-3 cIIA Library a063:629.19bHOL aHolmquist, R.910423 0aLife science and space researchbvol. XVIcR. Holmquist and A. C. Stickland  aOxfordbPergamon Pressc1978 aix, 157p. aAstronomy and Astrophysics thesaurus aSpace science aStickland A. C. cBK c6004d6004 00104070aBANbBANcGENd1978-11-30l0o063:629.19/ HOLp6707r2021-11-05w1978-11-30yBK